00301nam a2200121Ia 4500008004100000082002000041100001700061245002400078250000800102260004500110300000800155650001600163191201s2005 xx 000 0 und d a621.381958bKAD aKaushik, D K 0aDigital Electronics a1st aN.DelhibDhanpat Rai Pubns (P) Ltdc2005 a354 aB.Tech(ECE)